Detalles MARC
| 000 -LEADER |
| fixed length control field |
02007cam a2200397 a 4500 |
| 001 - CONTROL NUMBER |
| control field |
000122012 |
| 003 - CONTROL NUMBER IDENTIFIER |
| control field |
CO-CtgCURN |
| 005 - DATE AND TIME OF LATEST TRANSACTION |
| control field |
20260408131905.0 |
| 007 - PHYSICAL DESCRIPTION FIXED FIELD--GENERAL INFORMATION |
| fixed length control field |
ta |
| 008 - FIXED-LENGTH DATA ELEMENTS--GENERAL INFORMATION |
| fixed length control field |
010301s2004 ck fr 000 0 spa d |
| 020 ## - INTERNATIONAL STANDARD BOOK NUMBER |
| International Standard Book Number |
9589105270 |
| 040 ## - CATALOGING SOURCE |
| Original cataloging agency |
CO-CtgCURN |
| Language of cataloging |
spa |
| Transcribing agency |
coctgcurn |
| 082 04 - DEWEY DECIMAL CLASSIFICATION NUMBER |
| Classification number |
001.42 |
| Item number |
C65c |
| 245 00 - TITLE STATEMENT |
| Title |
Cómo elaborar y presentar un trabajo escrito : |
| Remainder of title |
manual teórico-práctico según normas del ICONTEC / |
| Statement of responsibility, etc. |
Norma Marthe de Carvajal ... [et al.]. |
| 260 ## - PUBLICATION, DISTRIBUTION, ETC. |
| Place of publication, distribution, etc. |
Barranquilla : |
| Name of publisher, distributor, etc. |
Universidad del Norte, |
| Date of publication, distribution, etc. |
2004. |
| 300 ## - PHYSICAL DESCRIPTION |
| Extent |
242 p. |
| 500 ## - GENERAL NOTE |
| General note |
Incluye anexos y ejercicios generales. |
| 504 ## - BIBLIOGRAPHY, ETC. NOTE |
| Bibliography, etc. note |
Bibliografia (p.152-153) |
| 505 8# - FORMATTED CONTENTS NOTE |
| Formatted contents note |
Elabaración y presentación de un trabajo escrito.-- El texto o trabajo escrito.-- Cómo elgir un tema.-- Estrategias para precisar el contenido y alcance de un trabajo.--Las parte de un trabajo escrito.--Referencias bibliográficas.--Citas y notas a pie de página.--El resumen.--La reseña.--El ensayo.--Redacción informativa.--La hoja de vida.--Los signos de puntuación.--El párrafo.--La oración |
| 590 ## - LOCAL NOTE (RLIN) |
| Local note |
Competencias comunicativas I (Enfermería)<br/><br/> |
| 590 ## - LOCAL NOTE (RLIN) |
| Local note |
Competencias comunicativas II (Enfermería) |
| 590 ## - LOCAL NOTE (RLIN) |
| Local note |
Competencias comunicativas III (Enfermería) |
| 590 ## - LOCAL NOTE (RLIN) |
| Local note |
Competencias comunicativas I (Medicina) |
| 590 ## - LOCAL NOTE (RLIN) |
| Local note |
Competencias Comunicativas III (Odontología) |
| 590 ## - LOCAL NOTE (RLIN) |
| Local note |
Competencias Comunicativas I (Bacteriología) |
| 610 24 - SUBJECT ADDED ENTRY--CORPORATE NAME |
| Corporate name or jurisdiction name as entry element |
Instituto colombiano de Normas Técnicas. |
| Source of heading or term |
LEMB |
| 650 14 - SUBJECT ADDED ENTRY--TOPICAL TERM |
| Topical term or geographic name entry element |
Redacción de escritos técnicos. |
| Source of heading or term |
LEMB |
| 650 14 - SUBJECT ADDED ENTRY--TOPICAL TERM |
| Topical term or geographic name entry element |
Tesis y disertaciones académicas |
| General subdivision |
manuales. |
| Source of heading or term |
LEMB |
| 650 14 - SUBJECT ADDED ENTRY--TOPICAL TERM |
| Topical term or geographic name entry element |
Investigación científica. |
| Source of heading or term |
LEMB |
| 650 14 - SUBJECT ADDED ENTRY--TOPICAL TERM |
| Topical term or geographic name entry element |
Metodología científica |
| Form subdivision |
Guías. |
| Source of heading or term |
LEMB |
| 650 14 - SUBJECT ADDED ENTRY--TOPICAL TERM |
| Topical term or geographic name entry element |
Redacción de escritos técnicos |
| Form subdivision |
Metodología. |
| Source of heading or term |
LEMB |
| 700 1# - ADDED ENTRY--PERSONAL NAME |
| Personal name |
Marthe de Carvajal, Norma. |
| 942 ## - ADDED ENTRY ELEMENTS (KOHA) |
| Koha item type |
Libros |
| Classification part |
001.42 |
| Item part |
C65c |
| Source of classification or shelving scheme |
Dewey Decimal Classification |
| Suppress in OPAC |
No |